BUSINESS COMMUNICATION (Record no. 22012)
[ view plain ]
| 000 -LEADER | |
|---|---|
| fixed length control field | 00366nam a22001457a 4500 |
| 003 - CONTROL NUMBER IDENTIFIER | |
| control field | SGT |
| 020 ## - INTERNATIONAL STANDARD BOOK NUMBER | |
| International Standard Book Number | 9781259026164 |
| 082 ## - DEWEY DECIMAL CLASSIFICATION NUMBER | |
| Classification number | 384.540,MON |
| 100 ## - MAIN ENTRY--PERSONAL NAME | |
| Personal name | MONIPPALLY,MATHUKUTTY |
| 245 ## - TITLE STATEMENT | |
| Title | BUSINESS COMMUNICATION |
| 260 ## - PUBLICATION, DISTRIBUTION, ETC. (IMPRINT) | |
| Place of publication, distribution, etc | CHENNAI |
| Name of publisher, distributor, etc | MC GRAW HILL EDUCATION |
| Year of Publication | 2019 |
| 300 ## - PAGE DESCRIPTION | |
| No. of Pages | 419 |
| 650 ## - SUBJECT ADDED ENTRY--TOPICAL TERM | |
| Topical term or geographic name as entry element | COMMERCE COMMUNICATION AND TARANSPORTION |
| 942 ## - ADDED ENTRY ELEMENTS (KOHA) | |
| Source of classification or shelving scheme | Dewey Decimal Classification |
| Koha item type | Books |
| 942 ## - ADDED ENTRY ELEMENTS (KOHA) | |
| -- | 2 |
| Withdrawn status | Lost status | Source of classification or shelving scheme | Damaged status | Not for loan | Collection code | Home library | Current library | Shelving location | Date acquired | Vendor Name | Cost, normal purchase price | SGTU | Total Checkouts | Full call number | Accession No. (Barcode) | Date last seen | Date last borrowed | Bill Date | Koha item type | Use restrictions |
|---|---|---|---|---|---|---|---|---|---|---|---|---|---|---|---|---|---|---|---|---|
| Dewey Decimal Classification | ENGINEERING | SGT Engineering Library | SGT Engineering Library | Text Book | 20/11/2021 | SBD SUBSCIRIPTION SERVICES | 575.00 | SGTU | 1 | 384.540,MON | FE8223 | 07/04/2023 | 24/03/2023 | 15/09/2021 | Books | |||||
| Dewey Decimal Classification | ENGINEERING | SGT Engineering Library | SGT Engineering Library | Text Book | 20/11/2021 | SBD SUBSCIRIPTION SERVICES | 575.00 | SGTU | 1 | 384.540,MON | FE8224 | 16/12/2021 | 10/12/2021 | 15/09/2021 | Books | |||||
| Dewey Decimal Classification | Not For Loan | ENGINEERING | SGT Engineering Library | SGT Engineering Library | Reference Book | 20/11/2021 | SBD SUBSCIRIPTION SERVICES | 575.00 | SGTU | 384.540,MON | FE8225 | 20/11/2021 | 15/09/2021 | Books | Restricted Access |